书目信息 |
| 题名: |
尼日尔史
|
|
| 作者: | 德里维埃 著 ;上海师范大学尼日尔史翻译组 译 | |
| 分册: | ||
| 出版信息: | 上海 上海人民出版社 1977 |
|
| 页数: | 647页 | |
| 开本: | 20cm | |
| 丛书名: | ||
| 单 册: | ||
| 中图分类: | K436.0 , K436 | |
| 科图分类: | ||
| 主题词: | 历史--尼日尔 , 西非--历史 | |
| 电子资源: | ||
| ISBN: | ||
| 000 | 00797nam0 2200277 45 | |
| 001 | 0176001484 | |
| 005 | 20040331092717.2 | |
| 010 | @dCNY1.70 | |
| 100 | @a19951017d1976 em y0chiy0121 ea | |
| 101 | 1 | @achi@cfre |
| 102 | @aCN@b310000 | |
| 105 | @ay z 000yy | |
| 106 | @ar | |
| 200 | 10 | @a尼日尔史@Ani ri er shi@f德里维埃著@g上海师范大学《尼日尔史》翻译组译 |
| 210 | @a上海@c上海人民出版社@d1977 | |
| 215 | @a647页@d20cm | |
| 606 | @a历史@y尼日尔 | |
| 606 | 0 | @a西非@x历史 |
| 607 | @a尼日尔@x历史 | |
| 690 | @aK436.0@v3 | |
| 690 | @aK436 | |
| 701 | 1 | @a德里维埃@Ade li wei ai@4著 |
| 712 | 02 | @a上海师范大学尼日尔史翻译组@Ashang hai shi fan da xue ni ri er shi fan yi zu@4译 |
| 801 | 0 | @aCN@b广东省中山图书馆@c20040331 |
| 801 | 2 | @aCN@bNLC@c20040331 |
| 905 | @f1@b22567@dK436@e1 | |
| 尼日尔史/德里维埃著/上海师范大学《尼日尔史》翻译组译.-上海:上海人民出版社,1977 |
| 647页;20cm |
| ISBN :CNY1.70 |
| ● |
| 相关链接 |
|
|
|
|
正题名:尼日尔史
索取号:K436/1
 
预约/预借
| 序号 | 登录号 | 条形码 | 馆藏地/架位号 | 状态 | 备注 |
| 1 | 0022567 | 001925073 | 第二样本阅览室/ [索取号:K436/1] | 在馆 |